[Event "AUT-chT2O 1314"]
[Site "Austria"]
[Date "2014.01.25"]
[Round "6.4"]
[White "Theissl Pokorna, Regina"]
[Black "Juraczka, Franz Karl"]
[Result "1-0"]
[WhiteElo "2343"]
[BlackElo "2240"]
[PlyCount "63"]
[EventDate "2013.10.05"]
[EventType "team-tourn"]
[EventRounds "11"]
[EventCountry "AUT"]
[SourceTitle "EXT 2015"]
[Source "ChessBase"]
[SourceDate "2014.11.20"]
[SourceVersion "1"]
[SourceVersionDate "2014.11.20"]
[SourceQuality "1"]
[WhiteTeam "Austria"]
[BlackTeam "Waehring"]
[WhiteTeamCountry "AUT"]
[BlackTeamCountry "AUT"]

1. e4 c5 2. Nf3 e6 3. d4 cxd4 4. Nxd4 a6 5. Nc3 Qc7 6. Bd3 Nc6 7. Be3 Nf6 8. 0-0 Ne5 9. h3 h5 10. f4 Nc4 11. Bxc4 Qxc4 12. e5 Nd5 13. Nxd5 Qxd5 14. Nb3 Qc6 15. Qd4 b5 16. Rf2 Qc7 17. f5 Bb7 18. fxe6 fxe6 19. Bg5 Qc4 20. Qd2 Be4 21. Rd1 Qc6 22. Qf4 Bg6 23. Qg3 Qe4 24. Rd4 Qc6 25. c3 Rc8 26. Rdf4 Qb6 27. Bh4 Bb1 28. Rxf8+ Rxf8 29. Qxg7 Qxf2+ 30. Bxf2 Rc4 31. Bc5 Rcf4 32. Qe7# 1-0

[Event "AUT-chT2O 1314"]
[Site "Austria"]
[Date "2013.12.07"]
[Round "5.5"]
[White "Koffler, Daniel"]
[Black "Juraczka, Franz Karl"]
[Result "1/2-1/2"]
[WhiteElo "2180"]
[BlackElo "2240"]
[PlyCount "184"]
[EventDate "2013.10.05"]
[EventType "team-tourn"]
[EventRounds "11"]
[EventCountry "AUT"]
[SourceTitle "EXT 2015"]
[Source "ChessBase"]
[SourceDate "2014.11.20"]
[SourceVersion "1"]
[SourceVersionDate "2014.11.20"]
[SourceQuality "1"]
[WhiteTeam "Nickelsdorf"]
[BlackTeam "Waehring"]
[WhiteTeamCountry "AUT"]
[BlackTeamCountry "AUT"]

1. d4 Nf6 2. c4 e6 3. Nc3 Bb4 4. e3 0-0 5. Nge2 d5 6. a3 Be7 7. cxd5 exd5 8. Nf4 c6 9. Bd3 Re8 10. 0-0 Nbd7 11. f3 Nf8 12. Kh1 Bd6 13. g3 Ng6 14. Nxg6 hxg6 15. Rf2 Bf5 16. Bf1 Qd7 17. Bd2 Re7 18. Bg2 Rae8 19. Qf1 g5 20. e4 dxe4 21. fxe4 Nxe4 22. Nxe4 Bxe4 23. Bxg5 f6 24. Bd2 Bxg2+ 25. Qxg2 Bc7 26. Bc3 Bb6 27. Rd1 Qg4 28. Qf3 Qh3 29. Qg2 Qg4 30. Qf3 Qxf3+ 31. Rxf3 Re2 32. Rfd3 Kf7 33. R3d2 Rxd2 34. Rxd2 Re1+ 35. Kg2 Ke6 36. Kf2 Re4 37. Kf3 Kd5 38. h4 f5 39. h5 Bc7 40. Rh2 Rg4 41. Rh3 Bd6 42. Be1 a6 43. h6 gxh6 44. Rxh6 Rxd4 45. Rf6 Rd3+ 46. Ke2 Rb3 47. Bc3 Bxa3 48. Rxf5+ Ke6 49. Rf6+ Ke7 50. Rf3 Bxb2 51. Bf6+ Bxf6 52. Rxb3 b5 53. Ra3 Kd6 54. Rxa6 Kc5 55. Kd3 Kd5 56. Rb6 Be7 57. g4 Bf6 58. Rb7 Bh4 59. Rh7 Bf6 60. g5 Be5 61. g6 Ke6 62. Rb7 c5 63. Ke4 Bd4 64. Rxb5 Kf6 65. Rb6+ Kg7 66. Kf5 Bc3 67. Rc6 Bd4 68. Rc7+ Kg8 69. Kg5 Be3+ 70. Kh5 Bd4 71. Re7 Bc3 72. Re2 Kg7 73. Rc2 Bd4 74. Rc4 Kg8 75. Ra4 Kg7 76. Ra3 Kf6 77. Kh6 Ke6 78. Rd3 Bf6 79. g7 Bxg7+ 80. Kxg7 Ke5 81. Rd8 c4 82. Kg6 Ke4 83. Re8+ Kd3 84. Rd8+ Ke3 85. Rc8 Kd3 86. Kf5 c3 87. Kf4 c2 88. Kf3 Kd2 89. Rd8+ Kc3 90. Ke2 c1Q 91. Rc8+ Kb2 92. Rxc1 Kxc1 1/2-1/2

[Event "AUT-chT2O 1314"]
[Site "Austria"]
[Date "2013.10.05"]
[Round "1.3"]
[White "Juraczka, Franz Karl"]
[Black "Fodor, Tamas Jr"]
[Result "0-1"]
[WhiteElo "2240"]
[BlackElo "2458"]
[PlyCount "86"]
[EventDate "2013.10.05"]
[EventType "team-tourn"]
[EventRounds "11"]
[EventCountry "AUT"]
[SourceTitle "CBM 156 Extra"]
[Source "ChessBase"]
[SourceDate "2013.10.22"]
[SourceVersion "1"]
[SourceVersionDate "2013.10.22"]
[SourceQuality "1"]
[WhiteTeam "Waehring"]
[BlackTeam "Mattersburg"]
[WhiteTeamCountry "AUT"]
[BlackTeamCountry "AUT"]

1. Nf3 d5 2. d4 Nf6 3. c4 c6 4. cxd5 cxd5 5. Nc3 Nc6 6. Bf4 a6 7. e3 e6 8. Bd3 Be7 9. h3 0-0 10. 0-0 Bd7 11. Rc1 Rc8 12. Ne5 Be8 13. a3 Nxe5 14. dxe5 Nd7 15. Qc2 h6 16. Qe2 Rc6 17. Bb1 Bg5 18. Bh2 g6 19. Na2 Nb6 20. Rxc6 Bxc6 21. Rd1 Ba4 22. Rd4 Bb5 23. Qg4 h5 24. Qd1 Nc4 25. e4 Qb6 26. Rxc4 dxc4 27. g4 Rd8 28. Qf3 h4 29. Nc3 Rd2 30. Bf4 Bxf4 31. Qxf4 Rxb2 32. Qf6 Rb3 33. Nd5 Rxb1+ 34. Kg2 Qc5 35. Ne7+ Kf8 36. Nxg6+ Ke8 37. Nxh4 c3 38. g5 Qe7 39. Qh8+ Qf8 40. Qf6 c2 41. g6 c1Q 42. gxf7+ Qxf7 43. Qh8+ Kd7 0-1

[Event "AUT-chT"]
[Site "Austria"]
[Date "1994.??.??"]
[Round "?"]
[White "Herzog, Adolf"]
[Black "Juraczka, Franz Karl"]
[Result "1-0"]
[WhiteElo "2350"]
[BlackElo "2290"]
[PlyCount "49"]
[EventDate "1994.??.??"]
[EventType "team"]
[EventRounds "11"]
[EventCountry "AUT"]
[SourceTitle "TD"]
[Source "ChessBase"]
[SourceDate "1994.03.01"]
[SourceVersion "1"]
[SourceVersionDate "1994.03.01"]
[SourceQuality "1"]

1. d4 Nf6 2. e3 d5 3. Bd3 c5 4. c3 Qc7 5. f4 g6 6. Nf3 Bg7 7. 0-0 0-0 8. Ne5 Bf5 9. Nd2 Bxd3 10. Nxd3 Nbd7 11. Qe1 b5 12. Ne5 Nb6 13. b3 a5 14. Qe2 c4 15. Ba3 Rfb8 16. Bc5 e6 17. Bxb6 Rxb6 18. bxc4 bxc4 19. Rfb1 Rab8 20. Qd1 Rb2 21. Qc1 Qb7 22. Nc6 Qxc6 23. Rxb2 Rxb2 24. Qxb2 Bf8 25. a4 1-0

[Event "AUT-chT"]
[Site "Austria"]
[Date "1994.??.??"]
[Round "?"]
[White "Juraczka, Franz Karl"]
[Black "Schroll, Gerhard"]
[Result "0-1"]
[WhiteElo "2290"]
[BlackElo "2385"]
[PlyCount "128"]
[EventDate "1994.??.??"]
[EventType "team"]
[EventRounds "11"]
[EventCountry "AUT"]
[SourceTitle "TD"]
[Source "ChessBase"]
[SourceDate "1994.03.01"]
[SourceVersion "1"]
[SourceVersionDate "1994.03.01"]
[SourceQuality "1"]

1. d4 Nf6 2. Nf3 e6 3. c4 d5 4. Nc3 Be7 5. Bg5 h6 6. Bxf6 Bxf6 7. cxd5 exd5 8. e3 c6 9. Bd3 Be6 10. Qc2 Nd7 11. 0-0 0-0 12. b4 a5 13. a3 Qe7 14. bxa5 Rxa5 15. a4 Rfa8 16. Qb2 b6 17. Rfb1 g5 18. Nd2 R5a7 19. Nb3 Bg7 20. Qc2 Qd6 21. Rc1 Nb8 22. a5 bxa5 23. Na4 Na6 24. Bxa6 Rxa6 25. Nbc5 R6a7 26. Nxe6 fxe6 27. Qxc6 Qxc6 28. Rxc6 Kf7 29. Rb1 Bf8 30. Rbb6 Re8 31. Kf1 Raa8 32. Ke2 Rac8 33. Rb7+ Kg6 34. Ra6 Rc2+ 35. Kf3 Bb4 36. Rbb6 Be1 37. Rxe6+ Rxe6 38. Rxe6+ Kg7 39. Kg4 Rxf2 40. g3 Rxh2 41. Nb6 Rg2 42. Nxd5 Rxg3+ 43. Kf5 Rf3+ 44. Kg4 Rf1 45. Ra6 Rg1+ 46. Kf5 Rf1+ 47. Kg4 Bb4 48. Ra7+ Kg6 49. Ra6+ Kg7 50. e4 Rg1+ 51. Kf5 Rf1+ 52. Ke5 Rf3 53. Ra7+ Kg6 54. Ra6+ Kh5 55. Nxb4 axb4 56. d5 g4 57. d6 Rd3 58. Ke6 g3 59. d7 g2 60. Ra1 Kg4 61. Ke7 h5 62. e5 h4 63. e6 h3 64. Rg1 Kf5 0-1

[Event "AUT-chT"]
[Site "Austria"]
[Date "1994.??.??"]
[Round "?"]
[White "Juraczka, Franz Karl"]
[Black "Wittmann, Walter"]
[Result "0-1"]
[WhiteElo "2290"]
[BlackElo "2410"]
[PlyCount "102"]
[EventDate "1994.??.??"]
[EventType "team"]
[EventRounds "11"]
[EventCountry "AUT"]
[SourceTitle "TD"]
[Source "ChessBase"]
[SourceDate "1994.03.01"]
[SourceVersion "1"]
[SourceVersionDate "1994.03.01"]
[SourceQuality "1"]

1. e4 c5 2. Nc3 Nc6 3. f4 e6 4. Nf3 Nge7 5. d3 d5 6. g3 g6 7. Bg2 Bg7 8. 0-0 0-0 9. Bd2 b6 10. Qc1 Bb7 11. g4 f5 12. gxf5 gxf5 13. e5 Qd7 14. Ne2 d4 15. Ng3 Nd5 16. Nh5 Qf7 17. Nxg7 Qxg7 18. Ng5 Nd8 19. Rf3 Ne3 20. Rg3 Nxg2 21. Nh3 Rf7 22. Be1 Nxe1 23. Qxe1 Kf8 24. Rxg7 Rxg7+ 25. Kf2 Rg2+ 26. Kf1 Rxh2 27. Qg3 Rh1+ 28. Ng1 Nf7 29. Ke2 Nh6 30. Rf1 Ng4 31. Nf3 Rxf1 32. Kxf1 Bxf3 33. Qh4 h6 34. Ke1 Re8 35. Qh5 Re7 36. Qg6 Bd5 37. c4 dxc3 38. bxc3 Bxa2 39. c4 Bb3 40. Kd2 Ba4 41. Qh5 Bc6 42. Kc3 Kg7 43. Kc2 a6 44. Kc3 b5 45. d4 cxd4+ 46. Kxd4 bxc4 47. Kc5 Bd5 48. Kd6 Rf7 49. Qh4 c3 50. Qg3 c2 51. Qc3 Bb3 0-1

[Event "Oberwart op"]
[Site "Oberwart"]
[Date "1991.??.??"]
[Round "?"]
[White "Brestian, Egon"]
[Black "Juraczka, Franz Karl"]
[Result "1-0"]
[WhiteElo "2475"]
[BlackElo "2280"]
[PlyCount "57"]
[EventDate "1991.07.??"]
[EventType "swiss"]
[EventRounds "9"]
[EventCountry "AUT"]
[SourceTitle "TD"]
[Source "ChessBase"]
[SourceDate "1994.03.01"]
[SourceVersion "1"]
[SourceVersionDate "1994.03.01"]
[SourceQuality "1"]

1. c4 c5 2. g3 Nf6 3. Bg2 d5 4. cxd5 Nxd5 5. Nc3 Nc7 6. Nf3 Nc6 7. 0-0 e5 8. a3 f6 9. d3 Be6 10. Bd2 Qd7 11. Rc1 Rc8 12. Ne4 b6 13. b4 cxb4 14. Rxc6 Qxc6 15. Nxe5 Qb5 16. Nxf6+ Ke7 17. Nc6+ Kxf6 18. Nxa7 Qa6 19. Nxc8 bxa3 20. Qa1+ Kf7 21. Qe5 Ne8 22. Rc1 a2 23. Bd5 Bxd5 24. Qxd5+ Kf6 25. Rc6+ Nd6 26. Bc3+ Kg6 27. Nxd6 a1Q+ 28. Bxa1 Qxa1+ 29. Kg2 1-0

[Event "Oberwart op"]
[Site "Oberwart"]
[Date "1991.??.??"]
[Round "?"]
[White "Juraczka, Franz Karl"]
[Black "Basagic, Zlatko"]
[Result "0-1"]
[WhiteElo "2280"]
[BlackElo "2380"]
[PlyCount "76"]
[EventDate "1991.07.??"]
[EventType "swiss"]
[EventRounds "9"]
[EventCountry "AUT"]
[SourceTitle "TD"]
[Source "ChessBase"]
[SourceDate "1994.03.01"]
[SourceVersion "1"]
[SourceVersionDate "1994.03.01"]
[SourceQuality "1"]

1. d4 g6 2. e4 Bg7 3. Nf3 d6 4. c4 Bg4 5. Be2 Nc6 6. Be3 Bxf3 7. Bxf3 e5 8. d5 Nd4 9. Nc3 c5 10. dxc6 bxc6 11. 0-0 Ne7 12. g3 Rb8 13. b3 0-0 14. Bg2 Qa5 15. Rc1 f5 16. f4 fxe4 17. Bxe4 Nef5 18. Bd2 exf4 19. Bxf4 Rbd8 20. Qd2 Ne6 21. Na4 Qc7 22. Bxf5 Rxf5 23. Be3 Re5 24. Rce1 d5 25. cxd5 cxd5 26. Qc1 Qe7 27. Bd2 Nd4 28. Nc3 Qe6 29. Kg2 Ne2 30. Qd1 Nxc3 31. Bxc3 d4 32. Bd2 d3 33. Rxe5 Qxe5 34. Re1 Qb2 35. Kh1 Qxa2 36. Bg5 Qa5 37. Bxd8 Qd5+ 38. Kg1 Bd4+ 0-1

[Event "Oberwart op"]
[Site "Oberwart"]
[Date "1991.??.??"]
[Round "?"]
[White "Juraczka, Franz Karl"]
[Black "Palos, Osman"]
[Result "0-1"]
[WhiteElo "2280"]
[BlackElo "2390"]
[PlyCount "55"]
[EventDate "1991.07.??"]
[EventType "swiss"]
[EventRounds "9"]
[EventCountry "AUT"]
[SourceTitle "TD"]
[Source "ChessBase"]
[SourceDate "1994.03.01"]
[SourceVersion "1"]
[SourceVersionDate "1994.03.01"]
[SourceQuality "1"]

1. d4 Nc6 2. c4 e5 3. Nf3 e4 4. Ng5 Bb4+ 5. Nc3 Nf6 6. e3 Bxc3+ 7. bxc3 d6 8. h4 h6 9. Nh3 g5 10. Ng1 g4 11. Ne2 Nh5 12. g3 f5 13. Nf4 Nxf4 14. exf4 b6 15. Be3 Na5 16. Be2 Ba6 17. Rb1 c5 18. 0-0 Qd7 19. Rb5 Bxb5 20. cxb5 c4 21. d5 Qxb5 22. Qd4 0-0 23. h5 Rac8 24. Bxg4 fxg4 25. Qxe4 Qe8 26. Qh1 Qe7 27. f5 Kh7 28. f3 0-1

[Event "Oberwart op"]
[Site "Oberwart"]
[Date "1991.??.??"]
[Round "?"]
[White "Szalanczy, Emil"]
[Black "Juraczka, Franz Karl"]
[Result "0-1"]
[WhiteElo "2410"]
[BlackElo "2280"]
[PlyCount "86"]
[EventDate "1991.07.??"]
[EventType "swiss"]
[EventRounds "9"]
[EventCountry "AUT"]
[SourceTitle "TD"]
[Source "ChessBase"]
[SourceDate "1994.03.01"]
[SourceVersion "1"]
[SourceVersionDate "1994.03.01"]
[SourceQuality "1"]

1. e4 c5 2. Nf3 Nc6 3. d4 cxd4 4. Nxd4 e5 5. Nb5 d6 6. N1c3 a6 7. Na3 Be7 8. Be3 Nf6 9. Nd5 Nxd5 10. exd5 Nd4 11. Bd3 b5 12. 0-0 0-0 13. f4 g6 14. fxe5 dxe5 15. Bh6 Re8 16. c4 Nf5 17. Bxf5 Bxf5 18. Rc1 Rc8 19. Qb3 bxc4 20. Nxc4 Bc5+ 21. Kh1 Be4 22. d6 Bd5 23. Rcd1 Bd4 24. Rc1 Rc6 25. Qb7 Rxd6 26. Qb4 Qa8 27. Rc2 Rc6 28. b3 Rec8 29. Qe7 Re8 30. Qh4 e4 31. h3 Qd8 32. Qf4 Bxc4 33. bxc4 Rf6 34. Qc1 Rxf1+ 35. Qxf1 e3 36. Re2 Qh4 37. Bf4 Bc5 38. Qf3 Qe7 39. Bh6 Qe4 40. Qf6 Bd4 41. Qxa6 Rb8 42. c5 Rb1+ 43. Kh2 Be5+ 0-1

[Event "AUT-chT"]
[Site "Austria"]
[Date "1989.??.??"]
[Round "?"]
[White "Hager, Franz"]
[Black "Juraczka, Franz Karl"]
[Result "1-0"]
[WhiteElo "2315"]
[BlackElo "2280"]
[PlyCount "71"]
[EventDate "1989.??.??"]
[EventType "team"]
[EventRounds "11"]
[EventCountry "AUT"]
[SourceTitle "EXT 2020"]
[Source "ChessBase"]
[SourceDate "2019.10.17"]
[SourceVersion "1"]
[SourceVersionDate "2019.10.17"]
[SourceQuality "1"]

1. d4 Nf6 2. c4 c5 3. d5 g6 4. Nc3 Bg7 5. e4 e5 6. g4 d6 7. Be2 a6 8. h4 h5 9. g5 Nh7 10. Be3 0-0 11. a3 f6 12. Bxh5 gxh5 13. g6 Bg4 14. f3 Bd7 15. Qd2 f5 16. gxh7+ Kxh7 17. exf5 Bxf5 18. 0-0-0 b5 19. Ne4 bxc4 20. Nh3 Ra7 21. Nhg5+ Kg8 22. Ne6 Bxe6 23. dxe6 Rxf3 24. Ng5 c3 25. Qd3 cxb2+ 26. Kb1 e4 27. Qxe4 Bc3 28. Qxf3 Qe8 29. Rhf1 Qg6+ 30. Qf5 Qxf5+ 31. Rxf5 Nc6 32. Rxd6 Na5 33. Rd8+ Kg7 34. Rf7+ Rxf7 35. exf7 Nc4 36. f8Q+ 1-0

[Event "AUT-chT"]
[Site "Austria"]
[Date "1989.??.??"]
[Round "?"]
[White "Juraczka, Franz Karl"]
[Black "Cigan, Stefan"]
[Result "1/2-1/2"]
[WhiteElo "2280"]
[BlackElo "2360"]
[PlyCount "23"]
[EventDate "1989.??.??"]
[EventType "team"]
[EventRounds "11"]
[EventCountry "AUT"]
[SourceTitle "TD"]
[Source "ChessBase"]
[SourceDate "1994.03.01"]
[SourceVersion "1"]
[SourceVersionDate "1994.03.01"]
[SourceQuality "1"]

1. d4 Nf6 2. c4 e5 3. dxe5 Ng4 4. Nf3 Bc5 5. e3 Nc6 6. Nc3 Ngxe5 7. Nxe5 Nxe5 8. b3 a5 9. Na4 Bf8 10. f4 Ng6 11. Qd4 Be7 12. Bb2 1/2-1/2

[Event "AUT-chT"]
[Site "Austria"]
[Date "1989.??.??"]
[Round "?"]
[White "Juraczka, Franz Karl"]
[Black "Grillitsch, Karl"]
[Result "1/2-1/2"]
[WhiteElo "2280"]
[BlackElo "2255"]
[PlyCount "96"]
[EventDate "1989.??.??"]
[EventType "team"]
[EventRounds "11"]
[EventCountry "AUT"]
[SourceTitle "TD"]
[Source "ChessBase"]
[SourceDate "1994.03.01"]
[SourceVersion "1"]
[SourceVersionDate "1994.03.01"]
[SourceQuality "1"]

1. d4 e6 2. c4 f5 3. g3 Nf6 4. Bg2 Bb4+ 5. Bd2 Bxd2+ 6. Qxd2 0-0 7. Nc3 d6 8. Nf3 Nc6 9. d5 Ne5 10. dxe6 Nxc4 11. Qf4 Bxe6 12. Nd4 Qc8 13. 0-0 c6 14. Nxf5 Bxf5 15. Qxc4+ d5 16. Qd4 Bh3 17. e4 Bxg2 18. Kxg2 dxe4 19. Nxe4 Nxe4 20. Qxe4 Qd7 21. Qc4+ Qf7 22. Qxf7+ Rxf7 23. Rad1 Re7 24. Rd2 c5 25. Rfd1 Rae8 26. Rd7 b6 27. b3 Kf7 28. f4 Rc8 29. Kf3 c4 30. bxc4 Rxc4 31. R1d2 Ra4 32. Kg4 Rc4 33. R7d4 Rxd4 34. Rxd4 Rc7 35. h4 Re7 36. Kg5 Rc7 37. f5 h6+ 38. Kf4 Re7 39. g4 Rc7 40. g5 hxg5+ 41. hxg5 Ke7 42. Ke5 Rc5+ 43. Rd5 Rc2 44. f6+ gxf6+ 45. gxf6+ Ke8 46. a4 Rc5 47. Kd6 Rxd5+ 48. Kxd5 a6 1/2-1/2

[Event "AUT-chT"]
[Site "Austria"]
[Date "1989.??.??"]
[Round "?"]
[White "Juraczka, Franz Karl"]
[Black "Grillitsch, Karl"]
[Result "1/2-1/2"]
[WhiteElo "2280"]
[BlackElo "2255"]
[PlyCount "98"]
[EventDate "1989.??.??"]
[EventType "team"]
[EventRounds "11"]
[EventCountry "AUT"]
[SourceTitle "TD"]
[Source "ChessBase"]
[SourceDate "1994.03.01"]
[SourceVersion "1"]
[SourceVersionDate "1994.03.01"]
[SourceQuality "1"]

1. d4 e6 2. e4 d5 3. Nc3 Nf6 4. Bg5 Be7 5. e5 Nfd7 6. Bxe7 Qxe7 7. f4 0-0 8. Qd2 c5 9. dxc5 Nc6 10. Nf3 Qxc5 11. Bd3 f6 12. exf6 Rxf6 13. 0-0-0 Nb6 14. Rhe1 Nc4 15. Bxc4 Qxc4 16. g3 Bd7 17. Qd3 Qc5 18. Ne5 Nxe5 19. Rxe5 Be8 20. f5 Bh5 21. Rde1 Rxf5 22. Rxf5 exf5 23. Qxd5+ Qxd5 24. Nxd5 Rf8 25. Re7 Bf3 26. c4 Rc8 27. Nc7 f4 28. Ne6 Rxc4+ 29. Kd2 fxg3 30. Rxg7+ Kh8 31. Rxg3 Bd5 32. Ng5 h6 33. Nf3 Rf4 34. Ke3 Re4+ 35. Kd3 Rf4 36. Ke3 Rf6 37. a3 a5 38. Ne5 Kh7 39. Kd4 Bh1 40. b4 axb4 41. axb4 Rf4+ 42. Kc5 h5 43. b5 Be4 44. Kd6 Rh4 45. Nd7 Bf5 46. Nf6+ Kh6 47. Ke7 Bg4 48. Nxg4+ hxg4 49. Kd6 Kg5 1/2-1/2

[Event "AUT-chT"]
[Site "Austria"]
[Date "1989.??.??"]
[Round "?"]
[White "Juraczka, Franz Karl"]
[Black "Schoeppl, Engelbert"]
[Result "1/2-1/2"]
[WhiteElo "2280"]
[BlackElo "2315"]
[PlyCount "53"]
[EventDate "1989.??.??"]
[EventType "team"]
[EventRounds "11"]
[EventCountry "AUT"]
[SourceTitle "TD"]
[Source "ChessBase"]
[SourceDate "1994.03.01"]
[SourceVersion "1"]
[SourceVersionDate "1994.03.01"]
[SourceQuality "1"]

1. c4 Nf6 2. Nc3 d5 3. cxd5 Nxd5 4. d4 g6 5. e4 Nxc3 6. bxc3 Bg7 7. Bc4 0-0 8. Ne2 c5 9. 0-0 Nc6 10. Be3 cxd4 11. cxd4 Bg4 12. f3 Na5 13. Bd3 Be6 14. Rc1 Bxa2 15. d5 Bb3 16. Qe1 e6 17. Bc5 exd5 18. Bxf8 Bxf8 19. e5 Nc4 20. f4 a5 21. Kh1 Qb6 22. Qg3 Bg7 23. Nc3 Qd4 24. Ne2 Qb6 25. Nc3 Qd4 26. Ne2 Qb6 27. Nc3 1/2-1/2

[Event "AUT-chT"]
[Site "Austria"]
[Date "1989.??.??"]
[Round "?"]
[White "Juraczka, Franz Karl"]
[Black "Stummer, Anton"]
[Result "1/2-1/2"]
[WhiteElo "2280"]
[BlackElo "2205"]
[PlyCount "112"]
[EventDate "1989.??.??"]
[EventType "team"]
[EventRounds "11"]
[EventCountry "AUT"]
[SourceTitle "TD"]
[Source "ChessBase"]
[SourceDate "1994.03.01"]
[SourceVersion "1"]
[SourceVersionDate "1994.03.01"]
[SourceQuality "1"]

1. d4 Nf6 2. c4 g6 3. Nc3 Bg7 4. e4 d6 5. f3 0-0 6. Be3 e5 7. d5 c6 8. Bd3 b5 9. dxc6 bxc4 10. Bxc4 Nxc6 11. Nge2 Be6 12. Nd5 Bxd5 13. Bxd5 Nxd5 14. Qxd5 Ne7 15. Qd2 d5 16. exd5 Nxd5 17. Bc5 Re8 18. Rd1 Nb6 19. Qb4 Qc7 20. 0-0 Rac8 21. Bf2 Qc4 22. Qxc4 Rxc4 23. Nc3 f5 24. Nb5 Rc2 25. Nxa7 Rxb2 26. Rb1 Nc4 27. Rxb2 Nxb2 28. Rc1 Nd3 29. Rc8 Rxc8 30. Nxc8 Nxf2 31. Kxf2 Kf7 32. Ke3 Ke6 33. Kd3 Kd5 34. Nb6+ Kc5 35. Na4+ Kb4 36. Nc3 e4+ 37. Nxe4 fxe4+ 38. Kxe4 Kc5 39. f4 Kd6 40. a4 Bc3 41. g4 Be1 42. f5 Ke7 43. Ke5 Bc3+ 44. Kf4 Bd2+ 45. Ke5 Be1 46. Kf4 Ba5 47. fxg6 hxg6 48. Kg5 Kf7 49. Kh6 Kf6 50. h4 Bb4 51. g5+ Kf5 52. Kh7 Bc3 53. Kh6 Bd2 54. Kh7 Bc3 55. Kh6 Bd2 56. Kh7 Bc3 1/2-1/2

[Event "Balatonbereny op"]
[Site "Balatonbereny"]
[Date "1988.??.??"]
[Round "1"]
[White "Andres Mendez, Miguel"]
[Black "Juraczka, Franz Karl"]
[Result "1/2-1/2"]
[WhiteElo "2410"]
[BlackElo "2245"]
[PlyCount "26"]
[EventDate "1988.09.??"]
[EventType "swiss"]
[EventRounds "10"]
[EventCountry "HUN"]
[SourceTitle "TD"]
[Source "ChessBase"]
[SourceDate "1994.03.01"]
[SourceVersion "1"]
[SourceVersionDate "1994.03.01"]
[SourceQuality "1"]

1. e4 e6 2. d4 d5 3. Nc3 Nc6 4. Nf3 Nf6 5. e5 Ne4 6. Ne2 f6 7. exf6 Qxf6 8. Ng3 e5 9. Bb5 exd4 10. 0-0 Bc5 11. Nxe4 dxe4 12. Nd2 Bf5 13. Qe2 0-0-0 1/2-1/2

[Event "Balatonbereny op"]
[Site "Balatonbereny"]
[Date "1988.??.??"]
[Round "4"]
[White "Juraczka, Franz Karl"]
[Black "Pirisi, Gabor"]
[Result "0-1"]
[WhiteElo "2245"]
[BlackElo "2350"]
[PlyCount "68"]
[EventDate "1988.09.??"]
[EventType "swiss"]
[EventRounds "10"]
[EventCountry "HUN"]
[SourceTitle "TD"]
[Source "ChessBase"]
[SourceDate "1994.03.01"]
[SourceVersion "1"]
[SourceVersionDate "1994.03.01"]
[SourceQuality "1"]

1. d4 Nf6 2. c4 g6 3. Nc3 Bg7 4. e4 d6 5. Be2 0-0 6. Nf3 e5 7. 0-0 Nc6 8. d5 Ne7 9. Ne1 Nd7 10. Nd3 f5 11. Bd2 Rf7 12. b4 Nf6 13. f3 f4 14. c5 g5 15. Nf2 Ng6 16. cxd6 cxd6 17. Qc2 h5 18. h3 Bf8 19. Rfc1 Rg7 20. Nb5 g4 21. fxg4 hxg4 22. hxg4 Nh4 23. Nc7 Bxg4 24. Nxg4 Nxg4 25. Nxa8 Qg5 26. Bxg4 Qxg4 27. Be1 Nxg2 28. Qc8 Qf3 29. Qe6+ Kh7 30. Rc7 Ne3+ 31. Rxg7+ Bxg7 32. Qf5+ Nxf5 33. exf5 e4 34. Rd1 Bd4+ 0-1